| 000 | 01043nam a2200325 i 4500 | ||
|---|---|---|---|
| 999 |
_c5426 _d5426 |
||
| 001 | 014533807 | ||
| 003 | Uk | ||
| 005 | 20250918084805.0 | ||
| 008 | 080403s2008 enka 6 000 1 eng | ||
| 020 | _a9780194234160 (paperback) | ||
| 040 |
_aUk _beng _cUk _erda _dKH8 |
||
| 042 | _aukblsr | ||
| 082 | 0 | 4 |
_a428.6 ESC _223 |
| 100 | 1 |
_aEscott, John, _eauthor. |
|
| 245 | 1 | 0 |
_aRobin Hood / _cJohn Escott ; illustrated by Bob Harvey, Pennant Inc. |
| 250 | _a[New edition]. | ||
| 264 | 1 |
_aOxford : _bOxford University Press, _c[2008] |
|
| 300 |
_a40 pages : _bchiefly illustrations (colour) ; _c20 cm. |
||
| 336 |
_astill image _2rdacontent |
||
| 336 |
_atext _2rdacontent |
||
| 337 |
_aunmediated _2rdamedia |
||
| 338 |
_avolume _2rdacarrier |
||
| 490 | 0 | _aOxford bookworms library. Human interest. Starter | |
| 600 | 0 | 0 |
_aRobin Hood _c(Legendary character) _vComic books, strips, etc. |
| 650 | 0 | _aReaders. | |
| 650 | 0 |
_aEasy reading _vEnglish |
|
| 650 | 0 |
_aStarter pack _vEnglish |
|
| 700 | 1 |
_aHarvey, Bob, _eillustrator. |
|
| 942 |
_2ddc _cTR |
||